000 00683nam a2200289Ia 4500
005 20260324131813.0
008 008 260324s9999 xx 000 0 eng d
020 _a9781315820156
037 _aEBOOK
040 _aCRL
040 _beng
040 _cCRL
041 _2eng
041 _aeng
084 _qCRL
100 _aCaroline Case
_91138468
245 0 _aImagining Animals
245 0 _bArt, Psychotherapy and Primitive States of Mind
260 _bTaylor and Francis
260 _c2005
365 _a
365 _b195
856 _uhttp://www.taylorfrancis.com/books/9781315820156
942 _cEBOOK
999 _c1784398
_d1784398